Sports Quiz

Random Sports Quiz

The Roast of NL Fan Bases Quiz Stats

 Plays Quiz not verified by Sporcle

Challenge
Share
Tweet
Embed
Score 0/16 Timer 03:00
0 Plays Today
Roast Team % Correct
You'll always be #2, and the joke, of your city. Big payroll, zero results, trust me, no one wants to meet youNew York Mets
87.3%
Just think, a 13 year old Yankee fan has seen 5x the titles that your great, great grandfather has. You're so lame, you blame your troubles on a farm animal.Chicago Cubs
85.2%
You get excited to see a man go down a slide and a bunch of sausages run around.... that's a loss of man pointsMilwaukee Brewers
84%
Where to begin? You're rude, annoying, you throw up on little kids, cheer for opponent injuries, and are the perfect definition of classless, btw 2 titles in 127 years is patheticPhiladelphia Phillies
79.5%
Most of you aren't even from the city, you just call yourselves fans because they used to be on national TV, and the chop is not only offensive, but annoyingAtlanta Braves
77.9%
18 straight. wow, I don't even want to make fun of you, I just feel sorry for youPittsburgh Pirates
74.6%
You worshipped a cheater and a fraud, and he won you nothing, good enoughSan Francisco Giants
71.8%
The most known aspect of your team is an annoying hill in centerfield, 40+ years of existance, 0 WS wins, Killer B's didn't exactly kill did they?Houston Astros
69.6%
Roast Team % Correct
The Black Sox, Carlton Fisk, no one remembers when you win, and your most famous player is a disgraceCincinnati Reds
68.7%
You think a game goes from the 3rd-7th, you call yourselves fans, you're not, good luck with that divorceLos Angeles Dodgers
68.1%
Your support is so bad that franchises have failed twice in your city. Third times a charm right? WrongWashington Nationals
64.8%
You worshipped a cheater and a fraud, and he won you nothing, and now he's a coach? Miller Lite is better.St. Louis Cardinals
62.1%
There are more fans of the movie Gigli than this team, like your state counterpart, you don't deserve an MLB franchiseFlorida Marlins
62%
Everyone loved your team when you beat the Yan, actually, can I see your papers first?Arizona Diamondbacks
62%
Your team is so irrelevant, when asked to name a player, people still guess #19. Wait, you're in first? San Diego Padres
59.8%
Your fans are so lame, they actually wanted to copyright the re-naming of a month because of a freak playoff run. How did that end again by the way?Colorado Rockies
52.6%

You're not logged in!

Compare scores with friends on all Sporcle quizzes.
OR
Log In

You Might Also Like...

Show Comments

Extras

Created Sep 4, 2010ReportNominate
Tags:base, fan, roast, team

Top Quizzes Today


Score Distribution

Your Account Isn't Verified!

In order to create a playlist on Sporcle, you need to verify the email address you used during registration. Go to your Sporcle Settings to finish the process.

Report this User

Report this user for behavior that violates our Community Guidelines.

Details: